Высокомолекулярные соединения. Т. 59, № 1: Полиэлектролиты-2016 (Запись № 11986711)
[ простой вид ]
| 000 -МАРКЕР | |
|---|---|
| контрольное поле | 01558nam2a2200241 4500 |
| 001 - ИДЕНТИФИКАТОР ЗАПИСИ | |
| контрольное поле | RU\NLR\PER_A\010495945_000070 |
| 005 - ИДЕНТИФИКАТОР ВЕРСИИ | |
| контрольное поле | 20250626080957.0 |
| 035 ## - ДРУГИЕ СИСТЕМНЫЕ НОМЕРА | |
| Идентификатор записи | (NLR Aleph) 011498922 |
| 100 ## - ДАННЫЕ ОБЩЕЙ ОБРАБОТКИ | |
| Данные общей обработки | 20171018d2017 |||y0rusy50 ca |
| 101 0# - ЯЗЫК РЕСУРСА | |
| Язык текста, звукозаписи и т.д. | русский |
| 102 ## - СТРАНА ПУБЛИКАЦИИ ИЛИ ПРОИЗВОДСТВА | |
| Страна публикации | Российская Федерация |
| 200 1# - ЗАГЛАВИЕ И СВЕДЕНИЯ ОБ ОТВЕТСТВЕННОСТИ | |
| Основное заглавие | Полиэлектролиты-2016 |
| 210 ## - ПУБЛИКАЦИЯ, РАСПРОСТРАНЕНИЕ И ДР. | |
| Дата издания, распространения и т.д. | 2017 |
| Место издания, распространения и т.д. | Б. м. |
| 461 #0 - УРОВЕНЬ НАБОРА | |
| Встроенное поле | 001RU\NLR\Per\1071658 |
| -- | 2001#$aВысокомолекулярные соединения$hСерия С$eжурнал теоретической и экспериментальной химии и физики высокомолекулярных соединений$eжурнал Российской академии наук$fРос. акад. наук$vТ. 59, № 1 |
| Системный номер (АБИС) связанной записи | 10118770 |
| Место публикации | Москва |
| Дата публикации | 2014 - |
| Первые сведения об ответственности | Рос. акад. наук |
| Номер части | Серия С |
| Имя издателя, распространителя и т.д. | Наука |
| Сведения, относящиеся к заглавию | журнал теоретической и экспериментальной химии и физики высокомолекулярных соединений : журнал Российской академии наук |
| Заглавие | Высокомолекулярные соединения |
| ISSN | 2308-1147 |
| Номер тома | Т. 59, № 1 |
| 606 1# - НАИМЕНОВАНИЕ ТЕМЫ КАК ПРЕДМЕТ | |
| Наименование темы | Полиэлектролиты |
| Формальный подзаголовок | Съезды, совещания и т.п |
| Системный номер авторитетной/нормативной записи | 954745 |
| Идентификатор авторитетной/нормативной записи | RU\NLR\AUTH\6636651 |
| 686 1# - ИНДЕКСЫ ДРУГИХ КЛАССИФИКАЦИЙ | |
| Индекс | Г713я431(0) |
| 852 ## - МЕСТОНАХОЖДЕНИЕ И ШИФР ХРАНЕНИЯ | |
| Идентификатор организации | NLR |
| Шифр хранения (Call Number) | П8/1852 |
| 942 ## - ДОПОЛНИТЕЛЬНЫЕ ЭЛЕМЕНТЫ ЗАПИСИ (АБИС) | |
| Тип экземпляра АБИС | Выпуск |
| 980 ## - КОЛЛЕКЦИЯ | |
| Название коллекции | Национальная библиография |
| 980 ## - КОЛЛЕКЦИЯ | |
| Название коллекции | Русская периодика |
Нет доступных экземпляров.